[Event "GCT 2024 Croazia - Rapid"]
[Site "Zagabria"]
[Date "02.07.2025"]
[Round "1R"]
[White "Giri, Anish"]
[Black "Abdusattorov, Nodirbek"]
[Result "1-0"]
[WhiteTitle "GM"]
[BlackTitle "GM"]
[WhiteElo "2748"]
[BlackElo "2767"]
[WhiteFideId "24116068"]
[BlackFideId "14204118"]
[EventDate "2025.07.02"]

1. e4 e5 2. Nf3 Nc6 3. Bb5 a6 4. Ba4 Bc5 5. c3 Nge7 6. O-O Ng6 7. d4 Ba7 8. Re1
O-O 9. Be3 Qf6 10. h3 h6 11. Nbd2 exd4 12. cxd4 Nxd4 13. e5 Nxf3+ 14. Nxf3 Qe7
15. Bc2 Bxe3 16. Rxe3 d6 17. Bxg6 fxg6 18. Rc1 Rb8 19. exd6 Qxd6 20. Qxd6 cxd6
21. Rc7 Kh7 22. Ree7 Rg8 23. Nd4 Bf5 24. Rxb7 Rxb7 25. Rxb7 Rc8 26. Rb6 Bb1 27.
Rxa6 Rc4 28. Rxd6 Bxa2 29. Nf3 Rb4 30. Rd2 g5 31. Nd4 Kg6 32. f3 h5 33. Kf2 Kf6
34. Nc6 Rb5 35. b4 Bb3 36. Ke3 g4 37. fxg4 hxg4 38. hxg4 Kg5 39. Rd7 g6 40. Rd4
Be6 41. Re4 Bd7 42. Ne5 Bc8 43. Nf3+ Kf6 44. Rc4 Bd7 45. Rf4+ Ke7 46. Re4+ Kd6
47. Kf4 Bc8 48. Ng5 Bb7 49. Rd4+ Ke7 50. Ne4 g5+ 51. Nxg5 Bxg2 52. Ne4 Ke6 53.
Nc5+ Kf6 54. Nd3 Bf1 55. Ne1 Be2 56. Nf3 Kg7 57. Ne5 Rb8 58. Kf5 Bb5 59. Ng6 Rb7
60. Nh4 Bd7+ 61. Kg5 Kf7 62. Nf5 Ke6 63. Re4+ Kd5 64. Kf4 Ba4 65. b5 Ra7 66. b6 1-0

[Event "GCT 2024 Croazia - Rapid"]
[Site "Zagabria"]
[Date "02.07.2025"]
[Round "1R"]
[White "So, Wesley"]
[Black "Caruana, Fabiano"]
[Result "1-0"]
[WhiteTitle "GM"]
[BlackTitle "GM"]
[WhiteElo "2745"]
[BlackElo "2777"]
[WhiteFideId "5202213"]
[BlackFideId "2020009"]
[EventDate "2025.07.02"]

1. e4 e5 2. Nf3 Nc6 3. Bc4 Nf6 4. d3 Be7 5. O-O O-O 6. a4 a5 7. Re1 d6 8. c3 Be6
9. Bxe6 fxe6 10. Nbd2 Nd7 11. d4 Kh8 12. Nb3 Qe8 13. dxe5 Ndxe5 14. Nfd4 Bf6 15.
f4 Nxd4 16. Nxd4 Nc6 17. Nb5 Qf7 18. Be3 Rad8 19. Qb3 e5 20. Qxf7 Rxf7 21. f5 h5
22. g3 Kh7 23. Kg2 g6 24. Rf1 Rdd7 25. Rf2 gxf5 26. Rxf5 Kg6 27. Raf1 Ne7 28.
R5f2 d5 29. Rd2 c6 30. Na3 Rc7 31. Bb6 Rc8 32. Rdf2 c5 33. exd5 Nxd5 34. Nc4 Re7
35. Bxa5 Bg5 36. Rd1 Nf6 37. Rd6 Kg7 38. Bd8 Rxd8 39. Rxd8 Ng4 40. Re2 e4 41.
Rd5 Kg6 42. Rxc5 Bf6 43. h3 Nh6 44. Ne3 Bg5 45. a5 h4 46. Nd5 Re5 47. g4 Nf7 48.
b4 Nd8 49. Nc7 Re7 50. b5 1-0

[Event "GCT 2024 Croazia - Rapid"]
[Site "Zagabria"]
[Date "02.07.2025"]
[Round "1R"]
[White "Saric, Ivan"]
[Black "Carlsen, Magnus"]
[Result "1/2-1/2"]
[WhiteTitle "GM"]
[BlackTitle "GM"]
[WhiteElo "2661"]
[BlackElo "2837"]
[WhiteFideId "14508150"]
[BlackFideId "1503014"]
[EventDate "2025.07.02"]

1. e4 c5 2. Nf3 Nc6 3. d4 cxd4 4. Nxd4 Nf6 5. Nc3 e5 6. Ndb5 d6 7. Bg5 a6 8. Na3
b5 9. Nd5 Be7 10. Bxf6 Bxf6 11. c3 O-O 12. Nc2 Rb8 13. h4 g6 14. g3 Bg7 15. h5
a5 16. a3 Be6 17. Bh3 Bxd5 18. Qxd5 Ne7 19. Qd3 d5 20. hxg6 hxg6 21. Rd1 dxe4
22. Qxe4 Qb6 23. Rd7 Rfd8 24. Rxe7 Qd6 25. Rd7 Rxd7 26. Bxd7 Qxd7 27. Ne3 f5 28.
Qd5+ Qxd5 29. Nxd5 Kf7 30. Ke2 Rb7 31. f3 Ke6 32. Ne3 b4 33. axb4 axb4 34. g4
bxc3 35. gxf5+ gxf5 36. bxc3 Rb2+ 37. Kd3 Rf2 38. Rf1 Rxf3 39. Rxf3 e4+ 40. Ke2
exf3+ 41. Kxf3 Bxc3 42. Nxf5 1/2-1/2

[Event "GCT 2024 Croazia - Rapid"]
[Site "Zagabria"]
[Date "02.07.2025"]
[Round "1R"]
[White "Duda, Jan-Krzysztof"]
[Black "Gukesh, Dommaraju"]
[Result "1-0"]
[WhiteTitle "GM"]
[BlackTitle "GM"]
[WhiteElo "2725"]
[BlackElo "2776"]
[WhiteFideId "1170546"]
[BlackFideId "46616543"]
[EventDate "2025.07.02"]

1. e4 e5 2. d4 exd4 3. Qxd4 Nc6 4. Qe3 Nf6 5. Nc3 Bb4 6. Bd2 O-O 7. O-O-O Re8 8.
Qf4 d6 9. f3 Be6 10. g4 Ne5 11. h4 Nfd7 12. g5 Nb6 13. h5 Nec4 14. Bxc4 Nxc4 15.
Nge2 c6 16. h6 g6 17. a3 Nxa3 18. Na4 Bxd2+ 19. Qxd2 Nb5 20. Rhg1 f6 21. f4 f5
22. Nd4 fxe4 23. Nxb5 cxb5 24. Nc3 d5 25. Qd4 Qc7 26. f5 Bxf5 27. Nxd5 Qe5 28.
Nf6+ Kf7 29. Nxe8 Qxd4 30. Nd6+ Qxd6 31. Rxd6 Rc8 32. Rg3 Ke7 33. Rd5 a6 34. Rc3
Rxc3 35. bxc3 Ke6 36. Rc5 Bg4 37. Rc7 Kf5 38. Rxh7 Kxg5 39. Kd2 Kh5 40. Ke3 Bf5
41. Rxb7 Kxh6 42. Rb6 Kh5 43. Rxa6 g5 44. Rb6 Bd7 45. Kxe4 Kh4 46. Kf3 Bg4+ 47.
Kf2 Bd7 48. Rd6 Be8 49. c4 bxc4 50. Rd4+ g4 51. Rxc4 Bg6 52. Kg2 Bf5 53. c3 Kg5
54. Kg3 Be6 55. Rf4 Bf5 56. c4 Kf6 57. c5 Ke6 58. c6 Bg6 59. Rc4 1-0

[Event "GCT 2024 Croazia - Rapid"]
[Site "Zagabria"]
[Date "02.07.2025"]
[Round "1R"]
[White "Firouzja, Alireza"]
[Black "Praggnanandhaa, Rameshbabu"]
[Result "1/2-1/2"]
[WhiteTitle "GM"]
[BlackTitle "GM"]
[WhiteElo "2766"]
[BlackElo "2767"]
[WhiteFideId "12573981"]
[BlackFideId "25059530"]
[EventDate "2025.07.02"]

1. d4 d5 2. c4 dxc4 3. e4 e5 4. Nf3 Bb4+ 5. Nc3 exd4 6. Nxd4 Nd7 7. Bxc4 Ngf6 8.
f3 O-O 9. Be2 Ne5 10. O-O Qe7 11. Bg5 Bxc3 12. bxc3 c5 13. Nb3 Rd8 14. Qc1 h6
15. Bxf6 Qxf6 16. f4 Nd3 17. Qe3 Qxc3 18. Bxd3 Rxd3 19. Qxc5 b6 20. Qxc3 Rxc3
21. Rac1 Re3 22. e5 Be6 23. Rf3 Rxf3 24. gxf3 Rd8 25. Kf2 a5 26. Ke3 b5 27. Nxa5
Ra8 28. Nc6 Rxa2 29. f5 Bc4 30. Rd1 Rxh2 31. Rd8+ Kh7 32. Rd7 Rc2 33. Nd4 Rc3+
34. Kf4 b4 35. e6 fxe6 36. f6 Kg6 37. fxg7 Kh7 38. Ke5 b3 39. Kf6 e5 40. Nf5 Bg8
41. Kxe5 Rc5+ 42. Kf4 Kg6 43. Rd6+ Kf7 44. Rxh6 b2 45. Rb6 Rxf5+ 46. Kxf5 b1=Q+
47. Rxb1 Bh7+ 48. Ke5 Bxb1 49. f4 Kxg7 50. f5 Bxf5 1/2-1/2

[Event "GCT 2024 Croazia - Rapid"]
[Site "Zagabria"]
[Date "02.07.2025"]
[Round "2R"]
[White "Carlsen, Magnus"]
[Black "So, Wesley"]
[Result "1-0"]
[WhiteTitle "GM"]
[BlackTitle "GM"]
[WhiteElo "2837"]
[BlackElo "2745"]
[WhiteFideId "1503014"]
[BlackFideId "5202213"]
[EventDate "2025.07.02"]

1. Nf3 d5 2. c4 e6 3. g3 Nf6 4. Bg2 Be7 5. O-O O-O 6. b3 c5 7. cxd5 Nxd5 8. Nc3
Nc6 9. Bb2 Nxc3 10. dxc3 Qc7 11. Qc2 b6 12. Rad1 Bb7 13. Bc1 Rad8 14. Bf4 Qc8
15. Ng5 Bxg5 16. Bxg5 f6 17. Bf4 Rxd1 18. Rxd1 Rd8 19. h4 e5 20. Bc1 Rxd1+ 21.
Qxd1 Qd8 22. Qd3 Qxd3 23. exd3 Nd8 24. f3 h5 25. Kf2 Kf7 26. Bh3 Ne6 27. f4 Nc7
28. fxe5 fxe5 29. Bb2 Nb5 30. a3 g6 31. Bd7 Nd6 32. c4 Kf6 33. b4 Ke7 34. Ba4 e4
35. Bc2 exd3 36. Bxd3 Be4 37. Bf1 Bf5 38. bxc5 bxc5 39. Bc1 Be6 40. Be3 Bxc4 41.
Bg2 a6 42. Bxc5 Ke6 43. Ke3 Nf5+ 44. Kf4 Bd3 45. Bb4 Bb5 46. Be4 Be2 47. Bc2 Bc4
48. Be4 Be2 49. Bb1 Bc4 50. Bc2 Be2 51. Bb3+ Kf6 52. Bc3+ Ke7 53. Be5 Bd3 54.
Kg5 Ne3 55. Bf6+ Kf8 56. Bd4 Nc4 57. Kf6 Ke8 58. Bc5 Nd2 59. Ba4+ Kd8 60. Ke5
Ne4 61. Bb6+ Ke7 62. Kd4 Bb1 63. Bc7 g5 64. Bd1 gxh4 65. gxh4 Nf6 66. Be2 Ne8
67. Be5 Nd6 68. Bxd6+ Kxd6 69. Bxa6 Bg6 70. a4 Kc6 71. a5 Bf5 72. Be2 Bc8 73.
Ke5 Kc5 74. Bxh5 Ba6 75. Bf3 1-0

[Event "GCT 2024 Croazia - Rapid"]
[Site "Zagabria"]
[Date "02.07.2025"]
[Round "2R"]
[White "Caruana, Fabiano"]
[Black "Duda, Jan-Krzysztof"]
[Result "1/2-1/2"]
[WhiteTitle "GM"]
[BlackTitle "GM"]
[WhiteElo "2777"]
[BlackElo "2725"]
[WhiteFideId "2020009"]
[BlackFideId "1170546"]
[EventDate "2025.07.02"]

1. Nf3 d5 2. c4 e6 3. g3 d4 4. Bg2 Nc6 5. O-O Nf6 6. d3 Be7 7. e3 dxe3 8. Bxe3
e5 9. Nc3 O-O 10. Re1 h6 11. h3 Bf5 12. d4 exd4 13. Nxd4 Nxd4 14. Bxd4 c6 15.
Qb3 Qc7 16. Rad1 Rfe8 17. Ne2 Be4 18. Nf4 Bxg2 19. Kxg2 Bd6 20. Bxf6 Bxf4 21.
Bd4 Rxe1 22. Rxe1 Bd6 23. Qf3 Bf8 24. Bc3 Rd8 25. h4 Qd7 26. h5 a6 27. Re4 Re8
28. Rd4 Qe6 29. a4 Bc5 30. Rg4 Bf8 31. a5 Rd8 32. Re4 Qd7 33. Qe2 Qf5 34. Re5
Qd7 35. Re3 Qf5 36. Re4 Qd7 37. Bd4 f5 38. Rf4 Bd6 39. Rf3 f4 40. Bc3 Qg4 41.
Re3 Qxe2 42. Rxe2 fxg3 43. fxg3 Kf7 44. Kf3 Rd7 45. Kg4 Bc7 46. Rf2+ Ke6 47. Rf3
Rf7 48. Re3+ Kd7 49. Bb4 Bd8 50. Rd3+ Ke8 51. Re3+ Kd7 52. Bc3 Bc7 53. Re4 Bd6
54. Re2 Bc7 55. Re3 Bd6 56. Bd4 Bb8 57. Bc5 Bc7 58. b4 Bd8 59. Rd3+ Ke8 60. Rb3
Kd7 61. Bd4 Be7 62. b5 cxb5 63. cxb5 Bd8 64. Rd3 Ke6 65. b6 Be7 66. Bc3 Bd6 67.
Re3+ Kd5 68. Re8 Kc4 69. Be5 Bxe5 70. Rxe5 Kb4 71. Rd5 Ka4 72. Rc5 Rf6 73. Kh4
Kb4 74. Re5 Ka4 75. g4 Kb4 76. g5 Rf4+ 77. Kg3 hxg5 78. Rxg5 Rf7 79. Kg4 Re7 80.
Rf5 Re1 81. Rd5 Kc4 82. Rg5 Rf1 83. Re5 Kb4 84. Kg5 Rg1+ 85. Kf5 Rg2 86. Rd5 Rg1
87. Re5 Rg2 88. Kf4 Rf2+ 89. Kg3 Ra2 90. Re7 Rxa5 91. Kg4 Ra1 92. Rxb7 Kb5 93.
Kf5 Rg1 94. Rb8 Kc6 95. Kf4 Rf1+ 96. Kg5 Rg1+ 97. Kf5 Rg2 98. Kf4 Rg1 99. Kf5
Rg2 100. Kf4 Rg1 1/2-1/2

[Event "GCT 2024 Croazia - Rapid"]
[Site "Zagabria"]
[Date "02.07.2025"]
[Round "2R"]
[White "Abdusattorov, Nodirbek"]
[Black "Praggnanandhaa, Rameshbabu"]
[Result "1/2-1/2"]
[WhiteTitle "GM"]
[BlackTitle "GM"]
[WhiteElo "2767"]
[BlackElo "2767"]
[WhiteFideId "14204118"]
[BlackFideId "25059530"]
[EventDate "2025.07.02"]

1. d4 d5 2. c4 dxc4 3. Nf3 Nf6 4. e3 Be6 5. Nc3 c6 6. Ng5 Bd5 7. e4 h6 8. exd5
hxg5 9. dxc6 Nxc6 10. d5 Ne5 11. Qd4 Nfd7 12. Bxg5 Qb6 13. Qxb6 axb6 14. Be2 g6
15. O-O Bg7 16. Rfd1 Nc5 17. Be3 Ned3 18. Rab1 Kd7 19. g3 Rhc8 20. h4 b5 21. a3
Bxc3 22. bxc3 Ne4 23. Bd4 Rxa3 24. Bxd3 cxd3 25. Rxd3 Nxc3 26. Rxc3 Raxc3 27.
Bxc3 Rxc3 28. Rxb5 Kc7 29. Kg2 f5 30. Rb1 Rc5 31. Re1 Rxd5 32. Rxe7+ Rd7 33. Re6
Rd6 34. Re5 Kc6 35. Kf3 b5 36. Kf4 b4 37. Kg5 Kc7 38. Re7+ Kc8 39. Re3 Rb6 40.
Rb3 Kd7 41. h5 gxh5 42. Kxf5 h4 43. gxh4 Ke7 44. f4 Kf7 45. Kg5 Rg6+ 46. Kh5 Rb6
47. Kg4 Rg6+ 48. Kf3 Rh6 49. Kg4 Rg6+ 50. Kh3 Rb6 51. h5 Kf6 52. Kg4 Rb5 53. Rh3
Kg7 54. Rb3 Kf6 55. Rh3 Kg7 56. Rb3 Kf6 1/2-1/2

[Event "GCT 2024 Croazia - Rapid"]
[Site "Zagabria"]
[Date "02.07.2025"]
[Round "2R"]
[White "Giri, Anish"]
[Black "Saric, Ivan"]
[Result "1/2-1/2"]
[WhiteTitle "GM"]
[BlackTitle "GM"]
[WhiteElo "2748"]
[BlackElo "2661"]
[WhiteFideId "24116068"]
[BlackFideId "14508150"]
[EventDate "2025.07.02"]

1. e4 c5 2. Nf3 d6 3. Bc4 Nf6 4. d3 Nc6 5. O-O a6 6. a4 Bg4 7. h3 Bxf3 8. Qxf3
e6 9. c3 Be7 10. Qe2 d5 11. Ba2 O-O 12. Nd2 b5 13. Nf3 d4 14. e5 Nd5 15. cxd4
cxd4 16. axb5 axb5 17. Bd2 Ndb4 18. Bb3 Na5 19. Bd1 Qd5 20. Nh2 Nac6 21. Rxa8
Rxa8 22. f4 Ra2 23. Be1 Ra1 24. Ng4 h5 25. Nf2 g6 26. Ne4 Qd8 27. Bb3 Nd5 28.
Bd2 Rxf1+ 29. Qxf1 h4 30. Qa1 Ncb4 31. Bxd5 Nxd5 32. Qa7 Qc8 33. Qxd4 Qc2 34.
Kh2 b4 35. Be1 Nxf4 36. Nf6+ Bxf6 37. Qxf4 Bg7 38. Bxb4 Qxb2 39. Bd6 Qe2 40. d4
Qe1 41. Be7 Bh6 42. Qxh6 Qg3+ 43. Kh1 Qe1+ 44. Kh2 Qg3+ 45. Kh1 Qe1+ 1/2-1/2

[Event "GCT 2024 Croazia - Rapid"]
[Site "Zagabria"]
[Date "02.07.2025"]
[Round "2R"]
[White "Gukesh, Dommaraju"]
[Black "Firouzja, Alireza"]
[Result "1-0"]
[WhiteTitle "GM"]
[BlackTitle "GM"]
[WhiteElo "2776"]
[BlackElo "2766"]
[WhiteFideId "46616543"]
[BlackFideId "12573981"]
[EventDate "2025.07.02"]

1. Nf3 Nf6 2. g3 g6 3. Bg2 Bg7 4. c4 O-O 5. Nc3 d6 6. d4 Nbd7 7. O-O e5 8. e4
exd4 9. Nxd4 Re8 10. h3 Nc5 11. Re1 h6 12. f3 Nh5 13. Nde2 Be6 14. g4 Nf6 15. b3
h5 16. Bg5 Bd7 17. Qd2 Ne6 18. Be3 hxg4 19. hxg4 Nh7 20. Rad1 a6 21. c5 Bb5 22.
cxd6 Bxe2 23. Nxe2 cxd6 24. Qxd6 Qa5 25. Qd2 Qa3 26. Nc3 Rad8 27. Nd5 Nf6 28.
Qb4 Qb2 29. Rb1 Qxa2 30. Nc3 Qc2 31. Rbc1 Qd3 32. e5 Nd5 33. Nxd5 Rxd5 34. Bf1
Rb5 35. Qxb5 Qxe3+ 36. Rxe3 axb5 37. Bxb5 Bh6 38. Rec3 Re7 39. Rd1 Nf4 40. Rc8+
Kg7 41. Re8 Rc7 42. Rdd8 Rc1+ 43. Bf1 g5 44. Kf2 Rc3 45. Bc4 b5 46. Rg8+ Kh7 47.
Rh8+ Kg6 48. Bxb5 Bg7 49. Rhe8 Rxb3 50. Rd6+ Kh7 51. Bc6 Rb2+ 52. Kf1 Rb1+ 53.
Kf2 Rb2+ 54. Ke3 Re2+ 55. Kd4 Rd2+ 56. Kc5 Rc2+ 57. Kb6 Rb2+ 58. Ka6 Bh6 59.
Be4+ Kg7 60. Rdd8 Ra2+ 61. Kb5 1-0

[Event "GCT 2024 Croazia - Rapid"]
[Site "Zagabria"]
[Date "02.07.2025"]
[Round "3R"]
[White "Firouzja, Alireza"]
[Black "Caruana, Fabiano"]
[Result "1/2-1/2"]
[WhiteTitle "GM"]
[BlackTitle "GM"]
[WhiteElo "2766"]
[BlackElo "2777"]
[WhiteFideId "12573981"]
[BlackFideId "2020009"]
[EventDate "2025.07.02"]

1. e4 e5 2. Nf3 Nc6 3. Bc4 Nf6 4. d3 Be7 5. O-O O-O 6. Nc3 d6 7. a4 h6 8. Re1
Re8 9. h3 Bf8 10. a5 Nb4 11. Ne2 c5 12. Ng3 Rb8 13. c3 Nc6 14. Qa4 a6 15. Be3
Be6 16. Bxe6 Rxe6 17. d4 exd4 18. cxd4 d5 19. e5 Nd7 20. Nh5 cxd4 21. Bxd4 Bb4
22. Red1 Qxa5 23. Qb3 Qb5 24. Nf4 Ree8 25. Nxd5 Ba5 26. Qxb5 axb5 27. Be3 Rbd8
28. b4 Bxb4 29. Nc7 Rf8 30. e6 Nf6 31. exf7+ Kxf7 32. Nxb5 Rd5 33. Rxd5 Nxd5 34.
Bd2 Bc5 35. Kf1 Rd8 36. Rb1 b6 37. Nc3 Nxc3 38. Bxc3 Ra8 39. Bd2 Ke6 40. Be3
Bxe3 41. fxe3 Rb8 42. Rb5 Na7 43. Nd4+ Kd6 44. Rb1 Rb7 45. Ke2 Nc6 46. Kd3 Nxd4
47. exd4 b5 48. Rb4 h5 49. h4 Kc6 50. Rb2 Kd5 51. Rc2 b4 52. Rc5+ Ke6 53. Kc2
b3+ 54. Kb2 g6 55. Rg5 Kf6 56. g4 hxg4 57. Rxg4 Rb4 58. Rf4+ Kg7 59. Rg4 Kh6 60.
Rf4 Kg7 61. Rg4 Kh6 62. Rf4 1/2-1/2

[Event "GCT 2024 Croazia - Rapid"]
[Site "Zagabria"]
[Date "02.07.2025"]
[Round "3R"]
[White "Praggnanandhaa, Rameshbabu"]
[Black "Gukesh, Dommaraju"]
[Result "0-1"]
[WhiteTitle "GM"]
[BlackTitle "GM"]
[WhiteElo "2767"]
[BlackElo "2776"]
[WhiteFideId "25059530"]
[BlackFideId "46616543"]
[EventDate "2025.07.02"]

1. Nf3 d5 2. g3 Bg4 3. Bg2 c6 4. h3 Bh5 5. d4 e6 6. O-O Nf6 7. c4 Be7 8. Nc3 O-O
9. Ne5 Nbd7 10. g4 Bg6 11. Nxg6 hxg6 12. Qd3 Bd6 13. Rd1 Re8 14. Bg5 Qc7 15. Bd2
Rad8 16. c5 Bh2+ 17. Kh1 e5 18. e3 Nf8 19. Ne2 Ne6 20. Bc3 exd4 21. Bxd4 Be5 22.
b4 a5 23. a3 Ra8 24. Kg1 Nd7 25. Qc3 Nxd4 26. Nxd4 Bf6 27. Rab1 Ne5 28. b5 Nc4
29. a4 Rac8 30. Qd3 Qe7 31. bxc6 bxc6 32. Rdc1 Qxc5 33. Nxc6 Qxc6 34. Bxd5 Ne5
35. Qd1 Qd7 36. Rxc8 Rxc8 37. f4 Nc6 38. g5 Bd4 0-1

[Event "GCT 2024 Croazia - Rapid"]
[Site "Zagabria"]
[Date "02.07.2025"]
[Round "3R"]
[White "Duda, Jan-Krzysztof"]
[Black "Carlsen, Magnus"]
[Result "1/2-1/2"]
[WhiteTitle "GM"]
[BlackTitle "GM"]
[WhiteElo "2725"]
[BlackElo "2837"]
[WhiteFideId "1170546"]
[BlackFideId "1503014"]
[EventDate "2025.07.02"]

1. e4 e5 2. Nf3 Nc6 3. Nc3 Nf6 4. Bb5 Bd6 5. a3 a6 6. Bc4 Bc5 7. d3 d6 8. Be3
Bxe3 9. fxe3 Be6 10. Bxe6 fxe6 11. O-O O-O 12. h3 Nb8 13. Ne2 Nbd7 14. Ng3 h6
15. Rf2 b5 16. Qe2 c5 17. Raf1 Qe7 18. Nh2 a5 19. Ng4 Nxg4 20. Qxg4 Rxf2 21.
Rxf2 a4 22. Nh5 Kh7 23. Qf3 Rf8 24. Qe2 Rxf2 25. Qxf2 c4 26. Ng3 Nc5 27. d4 Nd7
28. Ne2 Nf6 29. Nc3 Qb7 30. d5 exd5 31. Qf5+ Kh8 32. Nxd5 Nxd5 33. exd5 Qxd5 34.
c3 Qd3 35. Qf3 Kg8 36. Kh2 d5 37. Qg4 Kh7 38. Qd7 d4 39. exd4 exd4 40. Qxb5 dxc3
41. bxc3 Qxc3 42. Qxa4 Qe5+ 43. Kh1 Qc5 44. Qc2+ Kg8 45. Qc3 Qb5 46. Kg1 Qb3 47.
Qe5 Qd3 48. Kf2 c3 49. Qe8+ Kh7 50. Qe2 Qd4+ 51. Kf3 h5 52. Qc2+ Kh6 53. a4 Kg5
54. Ke2 Kh4 55. Qd3 Qb4 56. Kf3 Qb7+ 57. Kf2 Qb2+ 58. Kf3 Qb7+ 59. Kf2 Qb6+ 60.
Qe3 Qb2+ 61. Kf3 Qb7+ 62. Kf2 Qb2+ 63. Kf3 Qb7+ 64. Kf2 1/2-1/2

[Event "GCT 2024 Croazia - Rapid"]
[Site "Zagabria"]
[Date "02.07.2025"]
[Round "3R"]
[White "So, Wesley"]
[Black "Giri, Anish"]
[Result "1-0"]
[WhiteTitle "GM"]
[BlackTitle "GM"]
[WhiteElo "2745"]
[BlackElo "2748"]
[WhiteFideId "5202213"]
[BlackFideId "24116068"]
[EventDate "2025.07.02"]

1. d4 Nf6 2. c4 e6 3. Nc3 Bb4 4. e3 O-O 5. Bd3 d5 6. a3 dxc4 7. Bxc4 Bd6 8. Nf3
Nc6 9. O-O e5 10. d5 Ne7 11. e4 h6 12. h3 a6 13. Be3 Bd7 14. Rc1 b5 15. Bb3 Ng6
16. Re1 Qe7 17. Nd2 Rab8 18. Ne2 Nh5 19. Ng3 Nhf4 20. Nf3 Qf6 21. Bc2 b4 22. a4
b3 23. Bxb3 Rb7 24. Nf5 Bxf5 25. exf5 Qxf5 26. Bc2 Qh5 27. Bxf4 Nxf4 28. b3 f5
29. Nxe5 Qg5 30. g3 Nxh3+ 31. Kg2 Nxf2 32. Kxf2 f4 33. Qg4 Bxe5 34. Qe6+ Kh8 35.
Qxe5 Qxg3+ 36. Ke2 f3+ 37. Kd3 Qg4 38. Re4 Qg2 39. Rh4 Rb6 40. Qe4 Qg5 41. Rf1
Rbf6 42. Kc3 Rf5 43. Kb2 Qf6+ 44. Ka2 Qc3 45. Rf4 Qxc2+ 46. Qxc2 Rxf4 47. Qxc7
f2 48. d6 1-0

[Event "GCT 2024 Croazia - Rapid"]
[Site "Zagabria"]
[Date "02.07.2025"]
[Round "3R"]
[White "Saric, Ivan"]
[Black "Abdusattorov, Nodirbek"]
[Result "1/2-1/2"]
[WhiteTitle "GM"]
[BlackTitle "GM"]
[WhiteElo "2661"]
[BlackElo "2767"]
[WhiteFideId "14508150"]
[BlackFideId "14204118"]
[EventDate "2025.07.02"]

1. e4 e6 2. d4 d5 3. Nc3 Bb4 4. e5 c5 5. a3 Bxc3+ 6. bxc3 Ne7 7. Qg4 Qc7 8. Bd3
Qa5 9. Bd2 c4 10. Be2 Rg8 11. h4 Bd7 12. Rh3 Ba4 13. Kd1 Qb6 14. Kc1 Nd7 15. Rf3
h6 16. Nh3 a5 17. Rb1 Qc6 18. Qh5 Rf8 19. Qg4 Rg8 20. Qf4 f6 21. exf6 Nxf6 22.
Re3 O-O-O 23. Qe5 Nf5 24. Qxe6+ Qxe6 25. Rxe6 Rde8 26. Re5 Nxh4 27. Nf4 g5 28.
Nxd5 Nxd5 29. Bg4+ Kc7 30. Rxd5 b6 31. g3 Bc6 32. Re5 Nf3 33. Rxe8 Rxe8 34. Be3
Rb8 35. Kd1 b5 36. Ke2 Nh2 37. Bh5 Kd6 38. f3 Rf8 39. Rh1 Bxf3+ 40. Bxf3 Nxf3
41. Rxh6+ Kd5 42. Rb6 Ke4 43. Rb7 b4 44. Re7+ Kd5 45. cxb4 axb4 46. axb4 Nxd4+
47. Kd2 Nf5 48. Rc7 Nxg3 49. Rc5+ Ke4 50. Bxg5 Kf3 51. Kc3 Ne4+ 52. Kxc4 Nxc5
53. bxc5 Ke4 54. c6 Ke5 55. Kc5 Ke6 56. Bh4 Rf1 57. c4 Rf5+ 58. Kb6 Rf4 59. c7
Rxc4 60. Bg3 Kd7 61. Kb5 Rxc7 62. Bxc7 1/2-1/2

[Event "GCT 2024 Croazia - Rapid"]
[Site "Zagabria"]
[Date "03.07.2025"]
[Round "4R"]
[White "Abdusattorov, Nodirbek"]
[Black "Gukesh, Dommaraju"]
[Result "0-1"]
[WhiteTitle "GM"]
[BlackTitle "GM"]
[WhiteElo "2767"]
[BlackElo "2776"]
[WhiteFideId "14204118"]
[BlackFideId "46616543"]
[EventDate "2025.07.02"]

1. d4 Nf6 2. c4 e6 3. Nc3 Bb4 4. Qc2 d5 5. a3 Bxc3+ 6. Qxc3 O-O 7. Nf3 Nbd7 8.
Bg5 b6 9. cxd5 exd5 10. e3 c5 11. Bb5 h6 12. Bh4 a5 13. Bc6 Ra7 14. dxc5 bxc5
15. Bxd7 Rxd7 16. Qxc5 Ba6 17. Qd4 g5 18. Bg3 Ne4 19. Rc1 Qa8 20. Qd1 Rc8 21.
Nd4 Nc5 22. Rc2 a4 23. Kd2 Rb7 24. Qc1 Bc4 25. f3 Qa5+ 26. Kd1 Nb3 27. Be1 Qa6 0-1

[Event "GCT 2024 Croazia - Rapid"]
[Site "Zagabria"]
[Date "03.07.2025"]
[Round "4R"]
[White "Saric, Ivan"]
[Black "So, Wesley"]
[Result "1/2-1/2"]
[WhiteTitle "GM"]
[BlackTitle "GM"]
[WhiteElo "2661"]
[BlackElo "2745"]
[WhiteFideId "14508150"]
[BlackFideId "5202213"]
[EventDate "2025.07.02"]

1. e4 e5 2. Nf3 Nc6 3. d4 exd4 4. Nxd4 Nf6 5. Nxc6 bxc6 6. Bd3 d5 7. exd5 cxd5
8. O-O Be7 9. c4 O-O 10. Nc3 Be6 11. cxd5 Nxd5 12. Nxd5 Bxd5 13. Qc2 g6 14. Bh6
Re8 15. Rad1 Bd6 16. f4 c6 17. Qc3 Bf8 18. Bxf8 Rxf8 19. b3 Re8 20. Bc4 Qb6+ 21.
Kh1 Qc5 22. f5 Re2 23. Rxd5 cxd5 24. fxg6 hxg6 25. Qf3 Re7 26. Bxd5 Rf8 27. Qf6
Kh7 28. Qh4+ Kg7 29. Qf6+ Kh7 30. Qh4+ Kg7 31. Qf6+ Kh7 1/2-1/2

[Event "GCT 2024 Croazia - Rapid"]
[Site "Zagabria"]
[Date "03.07.2025"]
[Round "4R"]
[White "Giri, Anish"]
[Black "Duda, Jan-Krzysztof"]
[Result "0-1"]
[WhiteTitle "GM"]
[BlackTitle "GM"]
[WhiteElo "2748"]
[BlackElo "2725"]
[WhiteFideId "24116068"]
[BlackFideId "1170546"]
[EventDate "2025.07.02"]

1. e4 e5 2. Nf3 Nc6 3. Bb5 a6 4. Ba4 Nge7 5. O-O Ng6 6. d4 exd4 7. Nxd4 Nxd4 8.
Qxd4 b5 9. Bb3 Bb7 10. c4 c5 11. Qd3 b4 12. Be3 Qc7 13. Rd1 Rd8 14. a3 a5 15.
Nd2 Be7 16. axb4 axb4 17. Nf1 O-O 18. Ng3 Ne5 19. Qe2 g6 20. Bh6 Rfe8 21. Ba4
Nc6 22. Bxc6 Bxc6 23. Qe3 Qe5 24. Rd2 Ra8 25. Rad1 Qf6 26. Bf4 Ra2 27. b3 Rxd2
28. Qxd2 Ra8 29. e5 Qe6 30. f3 Ra3 31. Qc2 h5 32. h3 h4 33. Nf1 Bf8 34. Ne3 Bg7
35. Rd6 Ra1+ 36. Kf2 Qe8 37. Ng4 Qa8 38. Rd2 Rh1 39. Rd1 Rxd1 40. Qxd1 Qa2+ 41.
Kg1 Qb2 42. Kh2 g5 43. Bxg5 Bxe5+ 44. Nxe5 Qxe5+ 45. f4 Qb2 46. Qf1 Qxb3 47.
Bxh4 Qc2 48. Bf2 b3 49. Qe1 Qe4 0-1

[Event "GCT 2024 Croazia - Rapid"]
[Site "Zagabria"]
[Date "03.07.2025"]
[Round "4R"]
[White "Carlsen, Magnus"]
[Black "Firouzja, Alireza"]
[Result "1/2-1/2"]
[WhiteTitle "GM"]
[BlackTitle "GM"]
[WhiteElo "2837"]
[BlackElo "2766"]
[WhiteFideId "1503014"]
[BlackFideId "12573981"]
[EventDate "2025.07.02"]

1. Nf3 d5 2. g3 c5 3. Bg2 Nc6 4. d4 e6 5. O-O Nf6 6. b3 Bd7 7. e3 Rc8 8. c4 cxd4
9. exd4 dxc4 10. bxc4 Na5 11. Nbd2 Bb4 12. Ne5 Bc3 13. Rb1 Bxd4 14. Ndf3 Bxe5
15. Nxe5 O-O 16. Ba3 Re8 17. Bxb7 Nxb7 18. Rxb7 Rc7 19. Rb1 Qa8 20. Qd4 Bc6 21.
Bd6 Rcc8 22. Qf4 Be4 23. Rb3 Bg6 24. f3 a5 25. Rb5 Qa6 26. Rd1 Nd5 27. Qd4 Qxd6
28. cxd5 exd5 29. Rxd5 Qa3 30. Rd2 f6 31. Nxg6 Qxf3 32. Ne7+ Rxe7 33. Rd8+ Rxd8
34. Qxd8+ Kf7 35. Qd5+ Qxd5 36. Rxd5 Re5 37. Rd7+ Kg6 38. Ra7 h5 39. a4 Kh6 40.
h4 g5 41. Kf2 g4 42. Ra6 Kg6 43. Ra7 Kf5 44. Ra6 Rc5 45. Ke3 Ke5 46. Ra8 Rc3+
47. Kf2 Ke4 48. Re8+ Kf5 49. Ra8 Ke4 50. Re8+ Kd4 51. Rd8+ Kc4 52. Rh8 Rf3+ 53.
Kg2 Rf5 54. Rb8 Rd5 55. Kf2 Rd2+ 56. Ke3 Rg2 57. Kf4 Rf2+ 58. Ke4 Rf3 59. Rh8
Rxg3 60. Rxh5 Rf3 61. Rh8 f5+ 62. Ke5 g3 63. Rg8 f4 64. h5 Rf2 65. h6 Rh2 66.
Kxf4 Rxh6 67. Rxg3 Kb4 68. Ke3 Kxa4 69. Kd2 Rc6 70. Rc3 Rxc3 71. Kxc3 Kb5 72.
Kb2 a4 73. Ka1 a3 74. Ka2 Kc5 75. Kxa3 1/2-1/2